000 00774nam a2200241 i 4500
003 DO-SdBNP
005 20241017145841.0
007 ta
008 241017b19-- sp a|||| |||| 00| 0 spa d
040 _aDO-SdBNP
_bspa
_cBNPHU
_erda
082 4 _axxx
_bxxx
_222
100 1 _aLópez Vidaur, Aurelio,
_eautor
_4aut.
_986720
245 1 0 _aAgronomía :
_btratado elemental /
_cAuelio López Vidaur
264 4 _aBarcelona :
_bEditores Sucesores de Manuel Soler
_bEditor CALPE,
_c19--?.
300 _a146 páginas :
_bilustraciones
_c16 cm.
336 _atexto
_btxt
_2rdacontent
337 _asin mediación
_bn
_2rdamedia
338 _avolumen
_bnc
_2rdacarrier
490 _aManuales Gallach Ptas 2
_v33
590 _aInventariado, 2024/BT
910 _aBtavárez
942 _2ddc
_cLBS1
999 _c57896
_d57896